000 00417nam a2200145Ia 4500
008 230917s9999||||xx |||||||||||||| ||und||
040 _e56482
_aMAIN
041 _aEnglish
082 _a338.16 I2S
100 _aIndian Society of agricultural Economic
245 0 _aSeminar on problems of farm mechanization
260 _aBombay
_bIndian Society Agriculture Economic
_c1972
300 _aviii, 179 p.
942 _cBK
999 _c125215
_d125215